Statistics for 10 Middle Eastern Countries with the Most Tourists

Click here to take the quiz!

General Stats

  • This quiz has been taken 725 times
  • The average score is 9 of 10

Answer Stats

Tourists Country % Correct
18.0 milSaudi Arabia
98%
14.8 milUnited Arab Emirates
97%
2.8 milIsrael
95%
5.2 milIran
94%
3.8 milJordan
93%
2.9 milQatar
92%
1.5 milOman
91%
1.5 milLebanon
89%
0.8 milBahrain
84%
9.1 milEgypt
82%

Score Distribution

Percentile by Number Answered

Percent of People with Each Score

Your Score History

You have not taken this quiz